[Event "Internet Section 18-A"]
[Site "Dos Hermanas"]
[Date "2003.03.18"]
[Round "7"]
[White "Kadhi, Hameed Mansour Ali"]
[Black "Pinheiro, Jose"]
[Result "1-0"]
[WhiteElo "2334"]
[BlackElo "2321"]
[PlyCount "127"]
[EventDate "2003.03.18"]
[EventType "swiss (blitz)"]
[EventRounds "9"]
[EventCountry "ESP"]
[SourceTitle "EXT 2004"]
[Source "ChessBase"]
[SourceDate "2003.11.25"]
[SourceVersion "1"]
[SourceVersionDate "2003.11.25"]
[SourceQuality "1"]

1. e4 c5 2. Nc3 Nc6 3. Nf3 g6 4. h4 h5 5. Bc4 Bg7 6. d3 d6 7. Ng5 Nh6 8. Be3 0-0 9. f3 Nd4 10. Rb1 Rb8 11. a4 a6 12. Bxd4 cxd4 13. Ne2 Qa5+ 14. c3 b5 15. axb5 axb5 16. Ra1 Qb6 17. Bb3 dxc3 18. Nxc3 Qe3+ 19. Qe2 Qxe2+ 20. Kxe2 e6 21. Ra7 Bd4 22. Ra5 b4 23. Nd1 Kg7 24. Ra2 d5 25. Ne3 Bd7 26. Rc1 Rfc8 27. Rxc8 Rxc8 28. Nc2 Bc5 29. exd5 exd5 30. Bxd5 Be8 31. b3 Nf5 32. Bc4 Nxh4 33. g4 Be7 34. Ne4 Rc7 35. Nd4 Bd7 36. gxh5 gxh5 37. Ke3 f5 38. Ng3 Bc5 39. Nxh5+ Kh6 40. Nf4 Kg5 41. Nd5 Rb7 42. Ra6 Ng6 43. f4+ Nxf4 44. Nxf4 Bxd4+ 45. Kf3 Rb6 46. Ra2 Bc6+ 47. Bd5 Bxd5+ 48. Nxd5 Rb7 49. Rg2+ Kh6 50. Kf4 Rb5 51. Ne7 Be5+ 52. Kxf5 Bd6+ 53. Ke6 Bxe7 54. Kxe7 Rc5 55. Rg4 Rc3 56. Rxb4 Kg5 57. Kd6 Kf5 58. d4 Rc1 59. d5 Rc3 60. Rb8 Ke4 61. b4 Kd4 62. Rh8 Rg3 63. Rh4+ Kc3 64. Kc6 1-0

[Event "Internet Section 17-B"]
[Site "Dos Hermanas"]
[Date "2003.03.17"]
[Round "2"]
[White "Khruschiov, Alexey"]
[Black "Pinheiro, Jose"]
[Result "1-0"]
[WhiteElo "2434"]
[BlackElo "2321"]
[PlyCount "135"]
[EventDate "2003.03.17"]
[EventType "swiss (blitz)"]
[EventRounds "9"]
[EventCountry "ESP"]
[SourceTitle "EXT 2004"]
[Source "ChessBase"]
[SourceDate "2003.11.25"]
[SourceVersion "1"]
[SourceVersionDate "2003.11.25"]
[SourceQuality "1"]

1. e4 c5 2. Nf3 Nc6 3. Bb5 d6 4. 0-0 Bd7 5. Re1 Nf6 6. Nc3 a6 7. Bxc6 Bxc6 8. d4 cxd4 9. Nxd4 e6 10. Qf3 Be7 11. Nxc6 bxc6 12. e5 Nd5 13. exd6 Bxd6 14. Ne4 Be7 15. c4 Nb4 16. Rd1 Qa5 17. Bd2 Qf5 18. Qxf5 exf5 19. Ng3 g6 20. Bc3 0-0 21. a3 Nc2 22. Rac1 Nxa3 23. bxa3 Bxa3 24. Ra1 Bc5 25. Bd4 Be7 26. Bb6 Bb4 27. c5 a5 28. Ne2 Rfe8 29. Nd4 Rec8 30. Kf1 a4 31. Nc2 Bc3 32. Ra2 Re8 33. Rd3 Be5 34. Rda3 Bxh2 35. Rxa4 Rxa4 36. Rxa4 Be5 37. g3 h5 38. Nb4 Rc8 39. Nd3 Bc3 40. Ra7 Kg7 41. Rc7 Rxc7 42. Bxc7 Kf6 43. Nf4 Be5 44. Bd8+ Kg7 45. Nd3 Bd4 46. Be7 Bc3 47. Ke2 f6 48. Nf4 Kf7 49. Bd6 Be5 50. Kd3 Bxf4 51. Bxf4 Ke6 52. Kd4 g5 53. Bd6 f4 54. gxf4 g4 55. f3 Kf5 56. fxg4+ Kxg4 57. Ke3 Kg3 58. f5+ Kg4 59. Ke4 h4 60. Be7 h3 61. Bd6 Kg5 62. Bc7 Kg4 63. Bf4 Kh5 64. Kf3 Kh4 65. Bd6 Kg5 66. Kg3 Kxf5 67. Kxh3 Ke4 68. Kg4 1-0

[Event "Internet Section 17-A"]
[Site "Dos Hermanas"]
[Date "2003.03.17"]
[Round "4"]
[White "Obsivac, Josef"]
[Black "Pinheiro, Jose"]
[Result "0-1"]
[WhiteElo "2344"]
[BlackElo "2321"]
[PlyCount "88"]
[EventDate "2003.03.17"]
[EventType "swiss (blitz)"]
[EventRounds "9"]
[EventCountry "ESP"]
[SourceTitle "EXT 2004"]
[Source "ChessBase"]
[SourceDate "2003.11.25"]
[SourceVersion "1"]
[SourceVersionDate "2003.11.25"]
[SourceQuality "1"]

1. d4 Nf6 2. c4 e6 3. Nc3 Bb4 4. Nf3 c5 5. g3 cxd4 6. Nxd4 a6 7. Bg2 0-0 8. 0-0 Qc7 9. Bg5 Be7 10. Rc1 d6 11. b3 h6 12. Bd2 Nc6 13. e3 Qb6 14. Nc2 Ne5 15. Qe2 Bd7 16. f4 Nc6 17. Kh1 d5 18. cxd5 exd5 19. Nxd5 Nxd5 20. Bxd5 Rad8 21. Bg2 Rfe8 22. Rfd1 a5 23. e4 Nb4 24. Be3 Qg6 25. Nxb4 axb4 26. e5 Bg4 27. Bf3 h5 28. Bd4 Qf5 29. Qe4 Qxe4 30. Bxe4 Bxd1 31. Rxd1 Bc5 32. Bxb7 Rxd4 33. Rc1 Bf8 34. Kg2 g5 35. fxg5 Rxe5 36. h4 Re2+ 37. Kf3 Rxa2 38. Rc8 Rb2 39. Ke3 Rd7 40. Be4 Rxb3+ 41. Kf4 Rd4 42. Ke5 Rxe4+ 43. Kxe4 Rxg3 44. Kf5 Kg7 0-1